|
|
|
|
| LEADER |
00000csc a2200000 a 4500 |
| 001 |
92968 |
| 003 |
Ucuenca |
| 005 |
20231124220006.0 |
| 008 |
000000|1941 ||||||||r|||||||||||spa|| |
| 040 |
|
|
|b spa
|
| 041 |
1 |
|
|a spa
|
| 082 |
0 |
|
|a 340.54
|
| 100 |
1 |
|
|9 222392
|a Mayr, Robert von
|
| 245 |
|
|
|a Historia del derecho romano
|c Robert von Mayr; trad. Wenceslao Roces
|h imp
|n tomo 1
|
| 250 |
|
|
|a 2a. ed., 1a reimpresión
|
| 264 |
|
|
|a Buenos Aires
|b Labor
|c 1941
|
| 300 |
|
|
|a 426 páginas:
|c 18 cm
|
| 490 |
|
|
|a Colección Labor
|n no. 57-58
|
| 650 |
|
0 |
|a Derecho romano
|9 3575
|
| 650 |
|
0 |
|a Derecho público
|9 15172
|
| 650 |
|
0 |
|a Derecho privado
|9 16470
|
| 852 |
|
|
|a UC-CDJBV
|f Compra
|l 1
|m General
|p 00000000
|r 2
|t 92968
|b 0
|d CDRC
|e CDRC
|g 340.54 PRIMER PISO
|z 0000-00-00
|
| 942 |
|
|
|c CR
|2 ddc
|z diana.fajardo@ucuenca.edu.ec
|0 2
|
| 999 |
|
|
|c 135746
|d 135746
|